Online
Catalog

Ciencia griega / (Record no. 35219)

MARC details
000 -CABECERA
campo de control de longitud fija 00728nam a2200217 a 4500
001 - NÚMERO DE CONTROL
campo de control 000035728
005 - FECHA Y HORA DE LA ÚLTIMA TRANSACCIÓN
campo de control 20200930074550.0
008 - DATOS DE LONGITUD FIJA--INFORMACIÓN GENERAL
campo de control de longitud fija 111109s1979 sp 000 0 spa d
020 ## - NÚMERO INTERNACIONAL ESTÁNDAR DEL LIBRO
Número Internacional Estándar del Libro 8474260515
040 ## - FUENTE DE LA CATALOGACIÓN
Centro catalogador/agencia de origen DO-SdBNP
Lengua de catalogación spa
Centro/agencia transcriptor BNPHU
041 17 - CÓDIGO DE LENGUA
Código de lengua del texto/banda sonora o título independiente spa
Código de lengua original eng
100 1# - ENTRADA PRINCIPAL--NOMBRE DE PERSONA
Nombre de persona Farrington, Benjamin,
Fechas asociadas al nombre 1891-1974
9 (RLIN) 44087
245 10 - MENCIÓN DE TÍTULO
Título Ciencia griega /
Mención de responsabilidad, etc. Benjamin Farrington ; traducción Elsa Ariadna Nikos.
260 ## - PUBLICACIÓN, DISTRIBUCIÓN, ETC.
Lugar de publicación, distribución, etc. Barcelona :
Nombre del editor, distribuidor, etc. Icaria Editorial,
Fecha de publicación, distribución, etc. 1979.
300 ## - DESCRIPCIÓN FÍSICA
Extensión 302 p. ;
Dimensiones 20 cm.
490 0# - MENCIÓN DE SERIE
Mención de serie Icaria ;
Designación de volumen o secuencia 26
590 ## - NOTA LOCAL (RLIN)
Nota local Perteneció a la biblioteca personal de Juan Isidro Jimenes Grullón.
650 24 - PUNTO DE ACCESO ADICIONAL DE MATERIA--TÉRMINO DE MATERIA
Término de materia o nombre geográfico como elemento de entrada Ciencia
Subdivisión geográfica Grecia
Subdivisión general Historia
9 (RLIN) 61661
700 1# - PUNTO DE ACCESO ADICIONAL--NOMBRE DE PERSONA
Nombre de persona Nikos, Elsa Ariadna,
Término indicativo de función/relación tr.
9 (RLIN) 61662
830 #0 - PUNTO DE ACCESO ADICIONAL DE SERIE-TÍTULO UNIFORME
Título uniforme Icaria ;
Número de parte o sección de la obra 26
9 (RLIN) 61663
Holdings
Estado de retiro Estado de pérdida Restricciones de uso No para préstamo Código de colección Localización permanente Ubicación/localización actual Ubicación en estantería Fecha de adquisición Número de inventario Total de préstamos Signatura topográfica completa Código de barras Fecha visto por última vez Precio válido a partir de Tipo de ítem Koha Nota pública
      Excluido de préstamo Monografías: Libros y Folletos General General En catalogación 09.11.2011 LF1   35728-10 25.06.2020 25.06.2020 No se presta Perteneció a la biblioteca personal de Juan Isidro Jimenes Grullón

Powered by Koha